[Event "Meltwater Champions Chess Tour Finals"]
[Site "Online"]
[Date "2021.10.01"]
[Round "6.6"]
[White "Nakamura, Hikaru"]
[Black "Mamedyarov, Shakhriyar"]
[Result "1-0"]
[WhiteElo "2736"]
[BlackElo "2762"]
[EventDate "2021.??.??"]
[Annotator "Bojkov,Dejan"]
[PlyCount "65"]
[Beauty "8180344029706"]
[EventType "team-tourn"]

1.d4 Nf6 2.c4 e6 3.Nf3 d5 4.Bg5 h6 5.Bh4 {In a must-win situation Nakamura chooses a relatively rare approach.} 5...dxc4 6.e3 ( {The legendary Latvian GM Sveshnikov sadly left us this year, but left a great number of excellent concepts, ideas, and games. In this one he managed to outplay a far younger and higher-rated opponent:} 6.Qa4+ Nbd7 7.e3 a6 8.Bxc4 Rb8 9.Be2 b5 10.Qc2 Bb7 11.a4 Be4 12.Qxe4 Nxe4 13.Bxd8 Bb4+ 14.Kf1 Kxd8 15.axb5 axb5 16.Bd3 Nd6 17.Ke2 c5 18.Rc1 c4 19.Bc2 Ke7 {Laznicka,V (2667)-Sveshnikov,E (2493) Jurmala 2017} ) 6...c5 7.Bxc4 cxd4 8.exd4 {Now a standart IQP appeared, with the white bishop already committed to the h4 square.} 8...Be7 9.O-O O-O 10.Nc3 {[#]} 10...b6 $146 {This might be a bit slow.} ( {More natural and strong seems:} 10...Nc6 {at once. It was played in a ladies predecessor which saw some other typical ideas for the pawn structure:} 11.Re1 Nh5 12.Bxe7 Nxe7 13.Qd2 Bd7 14.Ne5 Bc6 {And here White opted for the risky exchange operation:} 15.Nxf7 Rxf7 16.Bxe6 {with unclear play in Tsatsalashvili,K (2331)-Melia,S (2371) Tornelo INT 2020} ) 11.Qe2 $1 {That is the difference. The pawn on d4 is not hanging and White can arrange his pieces in the most optimal way.} 11...Bb7 12.Rad1 {Very obvious and natural.} ( {However, there was a strong argument for:} 12.Ne5 {When the complications after:} 12...Qxd4 13.Bxf6 Bxf6 14.Nxf7 $1 {Seem to favor White, for instance:} 14...Rxf7 15.Qxe6 ( 15.Bxe6 $1 {might be even stronger, with strong initiative along the open files.} ) 15...Qd7 16.Nb5 $1 {With the tactical point:} 16...Qxe6 17.Bxe6 Nc6 18.Bxf7+ Kxf7 19.Nd6+ {Although this might not be entirely clear as the white knight gets trapped on the b7 square.} ) 12...Nbd7 {Already a bit awkward.} ( {However, after the more natural development:} 12...Nc6 {White would have had a pleasant choice between the positional:} 13.Ne5 $5 ( {And the tactical:} 13.Bxe6 $1 {Mamedyarov might have feared this and then the forcing line:} 13...fxe6 14.Qxe6+ Rf7 15.d5 Na5 16.Ne5 Qe8 ( 16...Qf8 {changes nothing.} ) 17.Rfe1 $1 {Looks good for White, e.g:} 17...Bc8 18.Qxf7+ Qxf7 19.Nxf7 Kxf7 20.d6 {leads to serious presusre for White in the endgame.} ) ) 13.Rfe1 Rc8 {A blunder! From here on, Mamedyarov's loss can be named after the e8 square!} ( {For good or for bad, but the only way to stay in the game longer was connected with the overprotection of the e7 bishop:} 13...Re8 $1 {But if we have to be realistic, this is also pretty bad for Black after:} 14.Ne5 $1 {Threatening with the Nxf7! sac.} 14...Nxe5 15.dxe5 Nd5 16.Bxd5 Bxd5 17.Nxd5 exd5 18.Bxe7 Qxe7 19.Rxd5 {and White wins a pawn.} ) 14.d5 $3 {Right! Whenever this break works in the IQP, this spells trouble for the defender. Here his position simply falls apart.} 14...exd5 {The lesser evil.} ( {The other captures lose faster:} 14...Nxd5 {Drops a whole piece by force in the line:} 15.Bxd5 $1 Bxd5 16.Bxe7 Bxf3 17.Bxd8 Bxe2 18.Rxd7 ) ( {Whereas:} 14...Bxd5 15.Bxd5 Nxd5 16.Rxd5 $1 Bxh4 {Drops the piece slowly and painfully after:} 17.Rd3 $1 {and the pin is winning for White.} ) 15.Qxe7 Qxe7 ( {Not:} 15...dxc4 16.Bxf6 ) 16.Rxe7 dxc4 17.Bxf6 $1 {Energetic play by Nakamura.} ( {White should as well be winning with:} 17.Rdxd7 Nxd7 18.Rxd7 Bxf3 19.gxf3 {but there is plenty of technical work.} ) 17...Bxf3 18.Rdxd7 Bc6 19.Bh4 {Alas, in blitz it is easy to miss stuff. Even if you are Nakamura!} ( {A neat way to claim decisive advantage was:} 19.Rc7 $1 gxf6 20.Rxf7 $3 {The seventh-rank threat forces:} 20...Rxc7 21.Rxc7 Re8 22.f3 {and White not only wins a pawn for starters, but completely dominates.} ) 19...Bxd7 20.Rxd7 g5 $1 {Now things are not that clear.} 21.Bg3 Rfd8 ( {Stronger was to bring the other rook out:} 21...Rcd8 $1 22.Rxa7 Rd2 23.h4 {And then use his brother with:} 23...Re8 $1 {Remember this move? It is the best in the endgame as well, Black covers all the important squares along the e-file and prepares counter-threats.} ) 22.Rxa7 Rd2 23.h4 Rxb2 24.h5 $1 {A strong blitz move! White creats mating net, always a nasty thing when low on time.} ( {Objectively stronger might have been:} 24.Be5 {To which Blakc has nothing else but to chase the white bishop away from the diagonal with:} 24...Re8 25.Bd4 Rd2 26.Bxb6 Rd3 ) 24...Rd2 ( {Missing:} 24...Re8 $1 {For the third time. True, White is much better still thanks to:} 25.f3 f5 26.Rd7 $1 ( {But he has to be very careful:} 26.Nd5 {For instance only leads to a draw after:} 26...f4 27.Nf6+ ( 27.Bf2 Rd8 ) 27...Kf8 28.Bf2 Rd8 29.Nh7+ Kg8 30.Nf6+ {with perpetual.} ) ) 25.f3 ( 25.Be5 $1 {would have finished it thanks to the weakeness of the back-rank in the line:} 25...Re8 26.Bf6 Rd6 27.Ne4 $1 Rxe4 28.Ra8+ Kh7 29.Rh8# {Yes, the pawn on h5 is doing its job!} ) 25...Rd3 ( {Last call for:} 25...Re8 $1 ) 26.Be5 Re8 ( {Perhaps Mamedyarov needed to try:} 26...f5 $1 27.Rg7+ Kf8 28.Rb7 {although White should be winning here as well.} ) 27.Bf6 Kf8 28.Ne4 {Now Black is paralyzed. He tries a last chance.} 28...c3 $1 29.Rc7 $1 {But Nakamura is very accurate.} ( 29.Bxc3 $2 Rxe4 {would have been an instant equalizer.} ) ( {Whereas:} 29.Nxc3 $6 {Suddenly traps the bishop with:} 29...Rd6 $1 30.Bh8 Kg8 $1 {True, White would be still pushing after:} 31.Ne4 Rd1+ 32.Kf2 Kxh8 33.Rxf7 {but that's a different story.} ) 29...g4 30.Kf2 $1 {Once more precision to the detail.} ( {The g-pawn is very dangerous in the line:} 30.Nxc3 g3 $1 31.Kf1 Rd2 32.Ne4 Rxe4 33.fxe4 Rf2+ {and Black is out of the woods.} ) ( {Whereas:} 30.Bxc3 gxf3 {unnecessarily complicates matters.} ) 30...gxf3 {Now it is quickly over.} ( {The last good try was:} 30...g3+ $1 31.Nxg3 Rd2+ 32.Kg1 Re1+ 33.Kh2 c2 34.Ne4 c1=Q 35.Rxc1 Rxc1 36.Nxd2 Rc2 {when White still has to prove the win.} ) 31.gxf3 Ra8 32.Nxc3 {Everything is under control and the next blunder seals the deal:} 32...Rd6 33.Be7+ 1-0

[Event "E Chess.com Grand Swiss"]
[Site "Riga"]
[Date "2021.10.26"]
[Round "1"]
[White "Caruana, Fabiano"]
[Black "Chigaev, Maksim"]
[Result "1-0"]
[WhiteElo "2800"]
[BlackElo "2639"]
[EventDate "2021.??.??"]
[Annotator "Bojkov,Dejan"]
[PlyCount "67"]
[Beauty "8114266984004"]
[EventType "team-tourn"]
[EventCountry "LAT"]

1.e4 c5 2.Nf3 d6 3.d4 cxd4 4.Nxd4 Nf6 5.Nc3 a6 6.h3 {It is extremely hard to guess what will Caruana choose against the Najdorf, but this modest-looking move seems to suit his style well.} 6...e6 ( {A recent game of the American GM saw} 6...e5 7.Nb3 Be7 8.g4 h6 9.Be3 Nbd7 10.a4 Nf8 11.Qf3 Ng6 12.O-O-O Bd7 13.a5 O-O 14.Kb1 {and White later won in Caruana,F (2822) -Saric,I (2655) Chess.com 2020} ) 7.g4 h6 ( {Grischuk preferred instead to avoid this move and opted for} 7...Be7 8.g5 Nfd7 9.Be3 b5 10.a3 Bb7 11.h4 Nc6 12.Nxc6 Bxc6 13.Qd4 O-O 14.O-O-O Nc5 15.f3 Rb8 16.Rg1 a5 {Duda,J (2757)-Grischuk,A (2777) Chess.com 2020} ) 8.a3 $5 {A crafty little move, which still needs to prove later that it is useful. But since Black's main idea is to attack the center and the queenside with a b7-b5-b4 thrust, it certainly makes sense.} 8...Be7 9.Be3 Nc6 10.Rg1 Nd7 $146 {A typical maneuver and a novelty.} ( {In an email predecessor, Black chose instead} 10...Qc7 11.Qe2 Nxd4 12.Bxd4 e5 13.Be3 Be6 14.O-O-O Rc8 15.Kb1 Qc6 16.Bg2 Nd7 {Zolochevsky,V (2365) -Ermolaev,A (2431) ICCF email 2011} ) 11.Be2 g5 {\"Probably not really good for Black.\" (Caruana)} ( {Instead} 11...Rb8 $5 {looks more natural, when Black intends to trade on d4 and then start pushing his b-pawn.} ) 12.Qd2 Nce5 ( {After} 12...Nxd4 {White would have likely reacted with} 13.Bxd4 Ne5 14.O-O-O {and then h3-h4 as in the game.} ) 13.O-O-O b5 ( 13...Ng6 $5 {was an interesting attempt to slow the opponent's kingside initiative.} ) 14.h4 $1 {This is the reason why Caruana did not trust the g7-g5 push. White will be the one to capitalize on the opening of the h-file.} 14...Bb7 ( {Certainly not} 14...gxh4 $2 15.f4 Ng6 16.f5 {when Black's position collapses at once.} ) 15.hxg5 hxg5 16.Rh1 Rg8 $1 {Chigaev knows that this rook is a most important defender.} 17.Rh5 {Very logical and straightforward play by White.} ( 17.Nb3 $5 {looked interesting as well, gaining some extra control in the center. Then the maneuver Nd7-b6-(c4) can always be met with Nb3-a5.} ) 17...Rc8 18.Rdh1 Bf6 {The exchange sacrifice is in the air, and White prevents it with...} ( {Here} 18...Nb6 {is already interesting. Chigaev might have disliked} 19.Rh8 {but the black king feels surprising well in the center after} 19...Kd7 20.Rxg8 Qxg8 21.b3 ) 19.f3 {...to which Chigaev keeps maneuvering} 19...Qe7 ( {This, however, misses a good moment for a central strike with} 19...Nb6 $1 20.b3 d5 $1 {Black solves all his problems , although the position gets extremely messy.} ) 20.Kb1 {A useful move.} ( {The machine likes} 20.Nb3 {but a human would not like to allow anything like} 20...Rxc3 21.Qxc3 Nxf3 22.Qb4 ) 20...Nc4 ( {Here} 20...Nb6 {does not seem as effective after} 21.b3 d5 22.f4 $1 gxf4 23.Bxf4 Ng6 24.e5 $1 Bg7 25.Bxb5+ $1 axb5 26.Ncxb5 {with large attack for White.} ) 21.Bxc4 Rxc4 {\"When I played\"} 22.b3 {\"I pretty much decided on the sacrifice.\" (Caruana)} 22...Rc8 23.Nd5 $1 {Caruana called it an extremely risky sacrifice. \"It's not even like I have a very direct attack. I have some initiative, which could last you know, for a move.\"} ( {Caruana had a lot of other reasonable alternatives, like} 23.Rh6 ) ( {Or} 23.Rh7 ) ( {Or} 23.Nde2 ) 23...exd5 24.Nf5 Qe6 25.Bxg5 {For the piece, White got open files and diagonals. And a 100-million-Pegasus.} 25...Bc3 {A good move! It was, however, played after quite a significant amount of time spent on the clock. Chigaev was likely trying to put himself together.} ( {Instead} 25...Bxg5 $2 {would have left Black without enough defenders and losing due to} 26.Rxg5 Rxg5 27.Qxg5 ) ( {However, the other capture} 25...Rxg5 $5 {might have attracted Black. The dark-squared bishop is far more valuable than Rg8 as it covers more important squares and is good for both the defense and the counterattack. The game is unclear after} 26.Rxg5 Ne5 27.Rg8+ Kd7 28.Rxc8 Kxc8 ) 26.Qh2 {Aiming at the other significant black weakness.} 26...Ne5 {The best defense again.} ( {Not} 26...Be5 27.f4 ) 27.Rh6 Rg6 {This time Chigaev errs, and this is all that it takes for a side to lose instantly in this super-sharp position.} ( {Strong is} 27...Ng6 $1 28.Nxd6+ Kd7 29.Nxb7 Kc6 {regaining the knight in an original way. White then has enough for the piece, but Black can also be happy with his improved king safety.} ) 28.Rxg6 $1 {\"I think he missed this.\" (Caruana) White trades a key defender and then quickly infiltrates into the enemy camp.} ( {Black apparently expected} 28.Ng7+ Rxg7 29.Rxe6+ fxe6 30.Bf6 {with a messy position.} ) 28...Qxg6 29.Qf4 $1 {All the white pieces gain coordination, and Caruana converts in style.} 29...Nxf3 ( {Perhaps Chigaev should have tried} 29...f6 30.Nxd6+ Kd7 31.Bxf6 Rf8 {although here too, White is significantly better.} ) ( 29...Kd7 30.Rh6 $1 {loses on the spot.} ) 30.Qxf3 dxe4 ( {Or} 30...Qxg5 31.Nxd6+ Kd7 32.Nxc8 {and White wins material.} ) 31.Qe3 $1 {The decisive infiltration.} 31...Bg7 32.Qa7 $1 Qxg5 33.Qxb7 Rd8 34.Rh7 1-0

[Event "E Chess.com Grand Swiss"]
[Site "Riga"]
[Date "2021.10.28"]
[Round "2"]
[White "Predke, Alexandr"]
[Black "Yakubboev, Nodirbek"]
[Result "1-0"]
[WhiteElo "2666"]
[BlackElo "2621"]
[EventDate "2021.??.??"]
[Annotator "Bojkov,Dejan"]
[PlyCount "67"]
[Beauty "8112656358482"]
[EventType "team-tourn"]
[EventCountry "LAT"]

1.d4 Nf6 2.c4 g6 3.Nc3 Bg7 4.e4 d6 5.h3 O-O 6.Bg5 {One of those smothering systems that the KID players need to face.} 6...Nc6 {After a lengthy deliberation, Yakubboev opts for an aggressive line that aims to benefit on the relevant weakness of the d4-pawn.} ( {Black can also go for the direct} 6...h6 7.Be3 e5 8.d5 Na6 9.Bd3 Nd7 10.a3 Nac5 11.Bc2 f5 12.b4 Nxe4 13.Nxe4 fxe4 14.Bxe4 {as in Vallejo Pons,F (2701)-Jones,G (2657) Online 2021} ) 7.Nf3 h6 {It is important to break the pin before the next move.} 8.Be3 e5 9.d5 Nd4 {That's the point behind Black's play. The central black pawn has been sacrificed earlier too, and as a rule White avoids capturing it.} ( {Instead} 9...Ne7 {looks too passive when White can opt for} 10.Qd2 ( {Or the immediate} 10.g4 $5 ) 10...Kh7 11.g4 {when White's main idea is to lock the kingside first with aggressive play and they play a one-sided game on the opposite wing. Knowing this, Black often risks and may fall into a proper kingside attack, as in this game} 11...c5 12.Bd3 a6 13.Ne2 b5 14.Ng3 bxc4 15.Bxc4 Bd7 16.g5 hxg5 17.Nxg5+ Kg8 18.Be2 Bb5 19.h4 Rb8 20.Kf1 Bxe2+ 21.Qxe2 Qb6 22.Kg2 Qb5 23.Qf3 Qd7 24.h5 {Pultinevicius,P (2501)-Mamedov,R (2654) Online 2021} ) 10.Nxd4 exd4 11.Qxd4 {Well, that is interesting. But how to react to} 11...Ng4 12.hxg4 $3 $146 {Aha, here it is! This novelty will likely take away Blacks desire to try and take the initiative that early.} ( {Instead, an earlier game offered Black a pleasant play on the dark squares after} 12.Qd2 Nxe3 13.Qxe3 f5 14.O-O-O a6 15.Bd3 b5 {and this is all that KID players dream about!} 16.exf5 bxc4 17.Bxc4 Bxf5 18.g4 Re8 19.Qg3 Be4 20.Rhe1 Qf6 21.f4 Rab8 22.Rd2 Qxc3+ {0-1 (22) Potapov,A (2399)-Goluch,P (2231) Pardubice 2014} ) 12...Bxd4 13.Bxd4 {Now instead of attacking, Yakubboev will have to think about the defense. Fun fact: it is Black who usually sacrifices his queen for a couple of light pieces and a pawn. And there too, one of the pieces must be the dark-squared bishop.} 13...Kh7 {Most likely not the best defense.} ( {The machine suggests evacuating his Majesty at once with} 13...f6 $1 14.Rxh6 Kf7 {with the point to meet} 15.g5 {with} 15...Rh8 16.Bxf6 Qxf6 $1 17.gxf6 Rxh6 {True, even here White is better.} ) 14.Be2 {Intending f2-f4 and then g4-g5 with inevitable mate along the h-file.} 14...f5 {Sooner or later Black will have to physically try and block the enemy pawns.} ( {If a normal development like} 14...Bd7 15.f4 $1 {threatens, as we know g4-g5 and then} 15...f6 16.O-O-O {once again creates the same threat, for example, after a neutral move like} 16...a5 ( {Therefore, Black would still need to push the pawn} 16...h5 {when White has a pleasant choice between} 17.gxh5 ( {And} 17.f5 $1 ) 17...g5 18.fxg5 fxg5 19.Bd3 {with a growing attack.} ) 17.g5 $1 {Leads to mate after} 17...fxg5 18.Rxh6+ Kxh6 19.Rh1+ Bh3 20.Rxh3# ) 15.exf5 $1 {Predke opens the diagonal for the light-squared bishop and crashes through.} 15...gxf5 16.Rh5 {Not just doubling the rooks, but also controlling the f5-spot.} 16...Kg6 ( 16...fxg4 17.Bd3+ {loses on the spot.} ) ( {And in case of} 16...Rg8 {White would bring more attackers with either} 17.O-O-O ( {Or} 17.Kd2 ) ) 17.Kd2 $1 {White's attack grows by itself.} 17...fxg4 18.Rah1 Bf5 {At last bringing a defender out.} ( {The assault cannot be slowed down with} 18...Rh8 19.Bd3+ Kf7 20.Bxh8 Qxh8 21.Rxh6 ) 19.Rxh6+ Kf7 20.R1h5 {So far Predke was impeccable, but this last move somewhat slows down his win. As we shall see, the Russian GM clearly understood that the black bishop needs to be removed, but he was trying to trap it.} ( {The defender should have been swapped instead:} 20.Bd3 $3 Bxd3 21.Kxd3 {when the black king would have been mated without a chance} 21...Ke7 ( 21...Ke8 22.Rh7 $1 ) ( 21...Qg5 22.Ne4 ) 22.Rh7+ Rf7 23.Re1+ Kf8 24.Rh8# ) 20...Ke7 21.Nd1 $1 {A nice maneuver. Predke is sticking to his plan of harassing the black bishop.} ( {It is not too late for} 21.Bd3 $3 Bxd3 22.Kxd3 {And this time the winning idea is different. After} 22...Kd7 {the black king escapes the mate, but nevertheless loses the game after} 23.Rh7+ Kc8 24.Rh8 $1 {Yes, it is more comfortable on c8 and his Majesty will not be mated, but the Ra8 cannot come to the rescue.} ) 21...c5 22.Bc3 {The most controlled continuation.} 22...Kd7 ( {After} 22...Qb6 23.Ne3 Bd7 24.Rh7+ Kd8 25.Rg5 {the white rooks make it to the seventh rank.} ) 23.Ne3 Bb1 24.Bxg4+ ( {Even easier is to hunt the bishop at once:} 24.Kc1 $1 {with the idea to clear the seventh rank again:} 24...Bxa2 ( 24...Be4 25.Re6 $1 {traps the bishop in the middle of the board!} ) 25.Rh7+ Kc8 26.Bxg4+ Kb8 27.Rd7 Qe8 28.Rhh7 {when Black is helpless.} ) 24...Kc7 25.f3 Qe8 $1 {The best defense by Black! Yakubboev wants to keep the bishop on the b1-h7 diagonal.} ( {Or else his key pawn would suffer after} 25...Bxa2 26.Nf5 $1 ) 26.Rh1 $1 {Another nice maneuver.} ( {Or} 26.Re6 Qf7 27.Rh1 Bh7 {Black's position is ugly but perhaps still playable.} ) 26...Bg6 27.Re1 {A second open file is seized with an ambush!} 27...Rg8 28.Be6 Qf8 {This is not the most resilient defence.} ( {Instead} 28...Rf8 29.Ng4 {lets the white knight go to f6.} ) ( {However, a better idea is} 28...Qa4 $1 29.Bxg8 Rxg8 {in order to try and find counter-chances on the light squares.} ) 29.Reh1 Re8 {This loses at once.} ( 29...Qe7 {is Black's last chance although there too} 30.f4 {would have likely led to White's slow win.} ) 30.R1h4 $1 {Back to the fourth rank, everything is set for more pins!} 30...Rxe6 {That means resignation, but there was nothing better than that.} ( {Or} 30...Kb8 31.Bxg8 Qxg8 32.Rg4 {and Black drops material.} ) 31.dxe6 Qe8 32.Nd5+ Kc6 33.Nf6 Qe7 34.Rg4 1-0